Drugs in current use and new drugs.

Bibliographic Details
Previous Title:Drugs in current use
Other Authors: Modell, Walter, 1907-1990
Format: Serial
Language:English
Published: New York : Springer, 1969-
Subjects:
Online Availability: Check for online availability

MARC

Tag First Indicator Second Indicator Subfields
LEADER 00000cas a2200000 4500
001 in00004452913
005 20191202121015.0
008 790627c19699999nyuar1 ̂ 0uuua0eng d
010 |a  72622911  
012 |b 3 
019 |a 3449861 
022 0 |a 0070-7392 
035 |a (OCoLC)05112080 
035 |9 AAA4114MS 
035 |z (UtOrBLW)1852 
035 |a 3045 
037 |b Springer Pub. Co., 200 Park Ave. S., New York, N.Y. 10003 
040 |a TXA  |c TXA  |d UCU  |d IUL  |d HUL  |d VNN  |d NYG  |d IUL  |d m.c.  |d  NSD  |d RCS  |d IXA  |d OCL  |d NST  |d TMV  |d UtOrBLW 
042 |a nsdp 
049 |a TMVM [Latest] [ed: Ref] 
050 0 0 |a RS79  |b .D7 
060 0 0 |a QV 740 AA1  |b D75 
069 1 |a D21400000 
082 0 |a 615/.1/05 
210 0 |a Drugs curr. use new drugs 
222 0 |a Drugs in current use and new drugs 
245 0 0 |a Drugs in current use and new drugs. 
264 1 |a New York :  |b Springer,  |c 1969- 
300 |a volumes ;  |c 21 cm. 
310 |a Annual 
336 |a text  |2 rdacontent  |b txt 
337 |a unmediated  |2 rdamedia 
338 |a volume  |2 rdacarrier  |b nc 
362 0 |a [15th ed.] (1969)- 
500 |a Description based on: [16th edition] (1970). 
515 |a Vols. for 1969-1978 lack edition statement. 
500 |a Editor: 1969- W. Modell. 
650 2 |a Pharmaceutical Preparations  |v Periodicals. 
700 1 |a Modell, Walter,  |d 1907-1990. 
780 0 0 |t Drugs in current use  |w (OCoLC)2250848 
948 |a Keep 5 yrs. 
999 |a MARS 
999 f f |s 58588837-b7be-3a41-8654-fd359f9f6b22  |i 9e86504f-68b3-3836-84a1-7e2cf2af79de  |t 0 
952 f f |p ric  |a Texas A&M University  |b Rellis Campus  |c Joint Library Facility  |d Remote Storage  |t 0  |e QV 740 AA1 D75  |h National Library of Medicine classification  |i unmediated -- volume  |k 32nd ed.  |l 1986  |m 3238900267164 
998 f f |a QV 740 AA1 D75  |s 32nd ed.(1986)  |t 0  |l Remote Storage